000 00729nam a2200229 a 4500
001 76077
003 BD-RjUL
005 20211209082802.0
008 170119s1986 bg ||||| |||| 00| 0 eng d
020 _a9846431559
_c: Tk. 90.00
035 _a(BD-RjUL)76297
040 _aBD-RjUL
_beng
_cBD-RjUL
_dBD-RjUL
041 _aeng
082 _223
_a428.0071
_bAHL 2006
100 1 _aAhmed, Sadruddin
_9233959
245 1 0 _aLearning English :
_bthe easy way (বাংলা সংস্করণ) /
_cSadruddin Ahmed
250 _a7th ed.
260 _aRajshahi :
_bAkhtara Prokashani,
_c2006
300 _a[12], 347, [1] p. ;
_c23 cm.
650 _aEnglish language
_xStudy and teaching
_xForeign speakers.
_9183215
942 _2ddc
_cBK
999 _c76077
_d76077